000 00940nam a2200253Ia 4500
003 OSt
005 20221005112917.0
006 a|||||r|||| 00| 0
007 ta
008 221004b |||||||| |||| 00| 0 pan d
020 _a9788175993766 (hbk)
_cINR 300.00
024 _a68611
037 _b1168, 30/12/2019, H.K. Prakashan
_cTextual
040 _aCRL
_cCRL
_bpan
041 _2pan
_apan
082 _aO153:g, Q9
100 _aਮਾਧੋਪੁਰੀ, ਬਲਬੀਰ, ਥਦ.
245 0 _aਪੰਜਾਬੀ ਸਵੈਜੀਵਨੀਆਂ
_b ਸਾਹਿਤਕ ਮੁਲਾਂਕਣ
260 _aਦਿੱਲੀ
_bਨਵਯੁਗ ਪਬਲਿFਰਗ਼ ਭਾਰਤ
_c2019
300 _a155ਪ੍ਰ0
_ccm.
650 _aਪੰਜਾਬੀ ਸਾਹਿਤ
942 _hO153:g, Q9
_cTEXL
_2cc
999 _c1026395
_d1026395